00237nam a2200097Ia 4500008004100000100002000041245003200061260003000093300000800123650000800131191201s2009 xx 000 0 und d aPEERUMOHAMED, H 0aService Marketing MBA SEM.4 aN. DelhibVikas Pubc2009 a297 aMBA